<?xml version="1.0" encoding="UTF-8"?>
<record
    xmlns:xsi="http://www.w3.org/2001/XMLSchema-instance"
    xsi:schemaLocation="http://www.loc.gov/MARC21/slim http://www.loc.gov/standards/marcxml/schema/MARC21slim.xsd"
    xmlns="http://www.loc.gov/MARC21/slim">

  <leader>00890    a2200265   4500</leader>
  <controlfield tag="001">47629</controlfield>
  <datafield tag="020" ind1=" " ind2=" ">
    <subfield code="a">9788516096335</subfield>
  </datafield>
  <datafield tag="020" ind1=" " ind2=" ">
    <subfield code="q">broch.</subfield>
  </datafield>
  <datafield tag="082" ind1=" " ind2=" ">
    <subfield code="a">[Fic]</subfield>
  </datafield>
  <datafield tag="100" ind1=" " ind2=" ">
    <subfield code="a">McDonald, Megan</subfield>
  </datafield>
  <datafield tag="490" ind1=" " ind2=" ">
    <subfield code="a">Chiclete </subfield>
  </datafield>
  <datafield tag="546" ind1=" " ind2=" ">
    <subfield code="a">Edi&#xE7;&#xE3;o em portugu&#xEA;s, traduzido do ingl&#xEA;s</subfield>
  </datafield>
  <datafield tag="697" ind1=" " ind2=" ">
    <subfield code="a">Literatura  infanto-juvenil</subfield>
  </datafield>
  <datafield tag="856" ind1=" " ind2=" ">
    <subfield code="u">000003/00000368.jpg</subfield>
  </datafield>
  <datafield tag="040" ind1=" " ind2=" ">
    <subfield code="a">BR-PaCA</subfield>
    <subfield code="b">por</subfield>
    <subfield code="c">BR-PaCA</subfield>
    <subfield code="d">BR-BrIDEA</subfield>
  </datafield>
  <datafield tag="041" ind1=" " ind2=" ">
    <subfield code="a">por</subfield>
    <subfield code="h">eng</subfield>
  </datafield>
  <datafield tag="090" ind1=" " ind2=" ">
    <subfield code="a">P Year 4 [Fic]</subfield>
    <subfield code="b">MCD</subfield>
    <subfield code="a">P Year 4 [Fic]</subfield>
    <subfield code="b">MCD</subfield>
  </datafield>
  <datafield tag="240" ind1="1" ind2="0">
    <subfield code="a">Stink and the ultimate thumb-wrestling smackdown</subfield>
    <subfield code="l">portugu&#xEA;s</subfield>
  </datafield>
  <datafield tag="245" ind1="1" ind2="0">
    <subfield code="a">Chiclete e a grande luta dos polegares </subfield>
    <subfield code="c">Megan McDonald ; ilustrado por Peter H. Reynolds ; traduzido por Isa Maria Lando</subfield>
  </datafield>
  <datafield tag="260" ind1=" " ind2=" ">
    <subfield code="a">S&#xE3;o Paulo,  SP</subfield>
    <subfield code="b">Salamandra</subfield>
    <subfield code="c">2014</subfield>
  </datafield>
  <datafield tag="300" ind1=" " ind2=" ">
    <subfield code="a">146 p. </subfield>
    <subfield code="b">il.</subfield>
  </datafield>
  <datafield tag="700" ind1=" " ind2=" ">
    <subfield code="a">Reynolds, Peter H</subfield>
    <subfield code="e">ilustrador</subfield>
    <subfield code="a">Lando, Isa Mara.</subfield>
    <subfield code="d">1947</subfield>
  </datafield>
  <datafield tag="830" ind1=" " ind2=" ">
    <subfield code="a">Chiclete </subfield>
    <subfield code="v">6</subfield>
  </datafield>
  <datafield tag="942" ind1=" " ind2=" ">
    <subfield code="c">BK</subfield>
  </datafield>
  <datafield tag="952" ind1=" " ind2=" ">
    <subfield code="0">0</subfield>
    <subfield code="1">0</subfield>
    <subfield code="4">0</subfield>
    <subfield code="7">0</subfield>
    <subfield code="a">87.1</subfield>
    <subfield code="b">87.1</subfield>
    <subfield code="d">2023-11-21</subfield>
    <subfield code="l">0</subfield>
    <subfield code="o">813 MCD CHI</subfield>
    <subfield code="p">6452/AQU</subfield>
    <subfield code="r">2023-11-21 15:14:31</subfield>
    <subfield code="w">2023-11-21</subfield>
    <subfield code="y">BK</subfield>
  </datafield>
  <datafield tag="952" ind1=" " ind2=" ">
    <subfield code="0">0</subfield>
    <subfield code="1">0</subfield>
    <subfield code="4">0</subfield>
    <subfield code="7">0</subfield>
    <subfield code="a">87.1</subfield>
    <subfield code="b">87.1</subfield>
    <subfield code="d">2023-11-21</subfield>
    <subfield code="l">0</subfield>
    <subfield code="o">813 MCD CHI</subfield>
    <subfield code="p">7554/AQU</subfield>
    <subfield code="r">2023-11-21 15:14:31</subfield>
    <subfield code="w">2023-11-21</subfield>
    <subfield code="y">BK</subfield>
  </datafield>
  <datafield tag="952" ind1=" " ind2=" ">
    <subfield code="0">0</subfield>
    <subfield code="1">0</subfield>
    <subfield code="4">0</subfield>
    <subfield code="7">0</subfield>
    <subfield code="a">87.1</subfield>
    <subfield code="b">CPL</subfield>
    <subfield code="d">2023-11-21</subfield>
    <subfield code="l">1</subfield>
    <subfield code="o">813 MCD CHI</subfield>
    <subfield code="p">7562/AQU</subfield>
    <subfield code="r">2023-11-21 15:29:13</subfield>
    <subfield code="s">2023-11-21</subfield>
    <subfield code="w">2023-11-21</subfield>
    <subfield code="y">BK</subfield>
  </datafield>
  <datafield tag="952" ind1=" " ind2=" ">
    <subfield code="0">0</subfield>
    <subfield code="1">0</subfield>
    <subfield code="2">ddc</subfield>
    <subfield code="4">0</subfield>
    <subfield code="7">0</subfield>
    <subfield code="a">12.28</subfield>
    <subfield code="b">12.28</subfield>
    <subfield code="d">2020-01-20</subfield>
    <subfield code="l">0</subfield>
    <subfield code="o">P Year 4 [Fic] MCD</subfield>
    <subfield code="p">00047677SSW</subfield>
    <subfield code="r">2024-01-23 14:57:52</subfield>
    <subfield code="w">2024-01-23</subfield>
    <subfield code="y">BK</subfield>
  </datafield>
  <datafield tag="952" ind1=" " ind2=" ">
    <subfield code="0">0</subfield>
    <subfield code="1">0</subfield>
    <subfield code="2">ddc</subfield>
    <subfield code="4">0</subfield>
    <subfield code="7">0</subfield>
    <subfield code="a">12.28</subfield>
    <subfield code="b">12.28</subfield>
    <subfield code="d">2020-01-20</subfield>
    <subfield code="l">0</subfield>
    <subfield code="o">P Year 4 [Fic] MCD</subfield>
    <subfield code="p">00047678SSW</subfield>
    <subfield code="r">2024-01-23 14:57:52</subfield>
    <subfield code="w">2024-01-23</subfield>
    <subfield code="y">BK</subfield>
  </datafield>
  <datafield tag="952" ind1=" " ind2=" ">
    <subfield code="0">0</subfield>
    <subfield code="1">0</subfield>
    <subfield code="2">ddc</subfield>
    <subfield code="4">0</subfield>
    <subfield code="7">0</subfield>
    <subfield code="a">12.27</subfield>
    <subfield code="b">12.27</subfield>
    <subfield code="d">2020-02-11</subfield>
    <subfield code="l">0</subfield>
    <subfield code="o">AP Year 4 [Fic] MCD</subfield>
    <subfield code="p">00048398AGC</subfield>
    <subfield code="r">2024-12-02 08:57:57</subfield>
    <subfield code="w">2024-01-23</subfield>
    <subfield code="y">BK</subfield>
  </datafield>
  <datafield tag="952" ind1=" " ind2=" ">
    <subfield code="0">0</subfield>
    <subfield code="1">0</subfield>
    <subfield code="2">ddc</subfield>
    <subfield code="4">0</subfield>
    <subfield code="7">0</subfield>
    <subfield code="a">12.27</subfield>
    <subfield code="b">12.27</subfield>
    <subfield code="d">2020-02-11</subfield>
    <subfield code="l">0</subfield>
    <subfield code="o">AP Year 4 [Fic] MCD</subfield>
    <subfield code="p">00048399AGC</subfield>
    <subfield code="r">2024-01-23 14:57:52</subfield>
    <subfield code="w">2024-01-23</subfield>
    <subfield code="y">BK</subfield>
  </datafield>
  <datafield tag="999" ind1=" " ind2=" ">
    <subfield code="c">47629</subfield>
    <subfield code="d">47629</subfield>
  </datafield>
</record>
